Statistics for Premier League 2013/14 Club Top Scorers

Click here to take the quiz!

General Stats

  • This quiz has been taken 32 times
  • The average score is 12 of 24

Answer Stats

TeamAnswer% Correct
Liverpool (31)Luis Suarez
100%
Manchester United (17)Wayne Rooney
96%
Arsenal (16)Olivier Giroud
92%
Everton (15)Romelu Lukaku
92%
Aston Villa (10)Christian Benteke
80%
Chelsea (14)Eden Hazard
80%
Manchester City (20)Yaya Toure
80%
Tottenham Hotspur (11)Emmanuel Adebayor
60%
Swansea City (17)Wilfred Bony
60%
Stoke City (8)Peter Crouch
56%
Southampton (15)Jay Rodriguez
48%
Newcastle United (14)Loic Remy
48%
Crystal Palace (7)Dwight Gayle
40%
Hull City (5)Nikica Jelavic
40%
Sunderland (8)Adam Johnson
36%
West Ham United (7)Kevin Nolan
36%
Norwich City (6)Robert Snodgrass
28%
West Bromich Albion (5)Saido Berahino
28%
Fulham (7)Steve Sidwell
28%
Stoke City (8)Charlie Adam
24%
Cardiff City (7)Jordon Mutch
24%
West Bromich Albion (5)Stephane Sessegnon
20%
Crystal Palace (7)Jason Puncheon
16%
Norwich City (6)Gary Hooper
12%

Score Distribution

Percentile by Number Answered

Percent of People with Each Score

Your Score History

You have not taken this quiz